000 00479nam a2200169Ia 4500
999 _c19960
_d19960
003 OSt
005 20200706141355.0
008 190216s9999||||xx |||||||||||||| ||und||
020 _a8170990432
040 _coclc
082 _a954.82035
_bNAI/N
100 _aNaidu, M
_93571
245 0 _aNationalism In South India /
_cM Naidu
260 _bMitta Publications,
_c1988.
_aDelhi:
300 _a216p
942 _cBK
_2ddc
_h954.82035
_iNAI/N
_k954.82035
_mNAI/N